000 00364nam a2200157Ia 4500
008 151213s9999 xx 000 0 und d
100 _aBernerd Shaww
245 _aThe Apple Cart
_cBernerd Shaww
250 _a1st
260 _aU K.
_bPenguing Book
_c1930
300 _a4527 p.
650 _aEnglish
650 _aPlay
700 _aBernerd Shaww
999 _c2902
_d2902